| 000 | 00000nam##2200000za#4500 |
| 001 | 9.642083 |
| 003 | CaOODSP |
| 005 | 20210624223529 |
| 007 | cr ||||||||||| |
| 008 | 150407|2000||||xxc|||||o f|0| 0 fre|d |
| 040 | |aCaOODSP|bfre |
| 043 | |an-cn--- |
| 086 | 1 |aR72-290/2000F-PDF |
| 110 | 1 |aCanada.|bAffaires indiennes et du Nord. |bProgramme des affaires du Nord. |
| 245 | 10|aLes sciences et la technologie dans le Nord canadien : |h[ressource électronique]|bcadre et plan de recherche fédéraux, du 1er avril 2000 au 31 mars 2002 / |cpréparé à l'intention du Comité interministériel fédéral pour les sciences et la technologie dans le Nord. |
| 260 | |aOttawa - Ontario : |bAffaires indiennes et du Nord. |c2000. |
| 300 | |a52p.|bcarte, tableau, photographies |
| 500 | |aLe n° de catalogue (R72-290/2000) et l'ISBN (0-662-65049-2) de l'édition imprimée bilingue ont été incorrectement copiés dans l'édition électronique. |
| 590 | |a13-16-Supp|b2013-07-12 |
| 691 | 07|aFinancement|2gcpds |
| 691 | 07|aNord canadien|2gcpds |
| 691 | 07|aSciences|2gcpds |
| 691 | 07|aTechnologie|2gcpds |
| 775 | 08|tNorthern science and technology in Canada : |w(CaOODSP)9.698087 |
| 776 | 0#|tNorthern Science and Technology in Canada : |w(CaOODSP)9.661941 |
| 776 | 0#|tLes sciences et la technologie dans le Nord canadien : |w(CaOODSP)9.661942 |
| 856 | 40|ahttp://publications.gc.ca|qPDF|s992 Ko|uhttps://publications.gc.ca/collections/Collection/R72-290-2000F.pdf |
| 986 | |aQS-86000-000-BB-A1 |